Multiple-Choice-Stadtquiz Stuttgart - Statistiken

Allgemein
  • Dieses Quiz wurde 2.858 mal gespielt
  • Das Durchschnittsergebnis liegt bei 7 aus 10
Antwortstatistiken
Frage Antwort % Korrekt
Welche weltberühmte Automarke hat ihren Hauptsitz in Stuttgart? Mercedes-Benz
90%
Was sind die Vereinsfarben des VfB Stuttgart? weiß-rot
89%
Welcher Fluss fließt durch Stuttgart? Neckar
88%
Welches Volksfest findet jährlich bis Anfang Oktober in Stuttgart statt? Cannstatter Wasen
83%
Welches große Unternehmen aus Stuttgart ist bekannt für seine Hochtechnologie im Bereich Maschinenbau? Bosch
76%
Welches Tier ist auf dem Stadtwappen zu sehen? Pferd
69%
Welches große internationale Sportevent fand 1993 in Stuttgart statt? Leichtathletik-Weltmeisterschaft
64%
Durch welches Tal erstreckt sich die Innenstadt von Stuttgart? Stuttgarter Kessel
43%
Stuttgart gilt als eine der grünsten Großstädte Deutschlands. Was ist ein Grund dafür? Große Waldflächen innerhalb der Stadtgrenzen
35%
Wonach ist das Bauprojekt "Stuttgart 21" benannt? Nach dem 21. Jahrhundert als Symbol für die Zukunft
34%
Keine übereinstimmenden Quizze gefunden
Verteilung der Resultate
Anzahl Personen mit jedem Resultat
Perzentil nach korrekt beantworteten Fragen
Ihre Resultats-Entwicklung
Sie haben dieses Quiz noch nicht gespielt